| 000 | 01401nam a2200349Ia 4500 | ||
|---|---|---|---|
| 001 | ocn810290930 | ||
| 003 | OSt | ||
| 005 | 20190126154304.0 | ||
| 008 | 120919s2011 ch b 000 0 chi d | ||
| 020 | _a9789861982342 | ||
| 020 | _a9861982345 | ||
| 040 |
_aLGV _cLGV |
||
| 041 | 1 |
_achi _heng |
|
| 100 | 1 |
_a史蒂文斯 Stevens, R. Paul, _d1937- |
|
| 240 | 1 | 0 |
_aWork matters. _lChinese |
| 245 | 1 | 0 |
_a工作真重要 : 向聖經人物學工作 Gong zuo zhen zhong yao : _bxiang sheng jing ren wu xue gong zuo = Work matters : a biblical perspective on labor {ch} / _c史蒂文斯 著 ; 黃凱津譯. 黃凱津 ;Shidiwensi = Paul Stevens zhu ; Huang Kaijin yi. |
| 246 | 3 | 0 | _aXiang sheng jing ren wu xue gong zuo |
| 250 | _aChu ban. | ||
| 260 |
_aXinbei shi : _bXiao yuan shu fang chu ban she, _c2011. |
||
| 300 |
_axvii, 264 p. ; _c22 cm. |
||
| 336 | _2rdacontent | ||
| 337 | _2rdamedia | ||
| 338 | _2rdacarrier | ||
| 500 | _aTranslation of: Work matters : a biblical perspective on labor / by R. Paul Stevens ; Grand Rapids, Mich.: Wm. B. Eerdmans Publishing Co., 2011. | ||
| 504 | _aIncludes bibliographical references (p. 259-264). | ||
| 630 | 0 | 0 |
_aBible _xCriticism, interpretation, etc.{ch}. |
| 650 | 0 |
_aWork _xBiblical teaching {ch} |
|
| 650 | 0 |
_aWork _xReligious aspects _xChristianity {ch}. |
|
| 650 | 0 | _aBible stories {ch}. | |
| 700 | 1 | _aHuang Kaijin. | |
| 942 |
_2lcc _cBK _02 |
||
| 999 |
_c37891 _d37891 |
||